Car Logos - Statistics

General Stats
  • This quiz has been taken 2,847 times
    2,842 since last reset
  • The average score is 13 of 22
Answer Stats
Hint Answer % Correct
Mustang ford
93%
Civic honda
92%
M3 bmw
82%
911 porsche
78%
Veyron bugatti
76%
F50 ferrari
69%
MR2 toyota
68%
Panda fiat
66%
RS4 audi
63%
XJ jaguar
63%
CLA mercedes
63%
navara nissan
58%
i20 hyundai
57%
Duster dacia
45%
3008 peugeot
45%
S40 volvo
45%
DS3 citroen
44%
IS250 lexus
43%
up! vw
36%
Evora lotus
33%
Mito alfa romeo
32%
Interceptor Jenson
11%
No matching quizzes found
Score Distribution
Percent of People with Each Score
Percentile by Number Answered
Your Score History
You have not taken this quiz since the last reset